Google Earth European Capitals Quiz Stats

 Plays Quiz not verified by Sporcle

Challenge
Share
Tweet
Score 0/47 Timer 15:00
0 Plays Today
% Correct
Paris (France)
80.7%
London (United Kingdom)
72.3%
Vatican City
69.9%
Madrid (Spain)
64.7%
Monaco
64.7%
Andorra la Vella (Andorra)
63.5%
Stockholm (Sweden)
62.2%
Amsterdam (Netherlands)
59.7%
Rome (Italy)
59.2%
Budapest (Hungary)
58.3%
Helsinki (Finland)
57.3%
Valletta (Malta)
56.5%
Berlin (Germany)
55.5%
Lisbon (Portugal)
55.5%
Athens (Greece)
54.1%
Copenhagen (Denmark)
53.9%
Reykjavik (Iceland)
53.6%
Vaduz (Liechtenstein)
53.1%
Vienna (Austria)
52.8%
Tallinn (Estonia)
50.3%
Moscow (Russia)
49.9%
Oslo (Norway)
48.6%
San Marino
46.4%
Dublin (Ireland)
42%
% Correct
Prague (Czech Republic)
40.8%
Luxembourg
40.5%
Belgrade (Serbia)
37.3%
Bern (Switzerland)
35.5%
Brussels (Belgium)
33.8%
Riga (Latvia)
33.4%
Ankara (Turkey)
32.6%
Zagreb (Croatia)
32.1%
Bratislava (Slovakia)
31.6%
Kyiv (Ukraine)
31.4%
Warsaw (Poland)
30.9%
Bucharest (Romania)
30.1%
Minsk (Belarus)
29.9%
Sarajevo (Bosnia and Herzegovina)
28.7%
Podgorica (Montenegro)
28.6%
Sofia (Bulgaria)
28.6%
Vilnius (Lithuania)
27.7%
Ljubljana (Slovenia)
27.2%
Tirana (Albania)
26.9%
Nicosia (Cyprus)
26.4%
Chișinău (Moldova)
26.1%
Pristina (Kosovo)
25.7%
Skopje (Macedonia)
25.4%

You're not logged in!

Compare scores with friends on all Sporcle quizzes.
OR
Log In

You Might Also Like...

Show Comments

Extras

Top Quizzes Today


Score Distribution

Your Account Isn't Verified!

In order to create a playlist on Sporcle, you need to verify the email address you used during registration. Go to your Sporcle Settings to finish the process.

Report this User

Report this user for behavior that violates our Community Guidelines.

Details: